=LDR 00000nam 2200000 4500 =001 INLIS000000000023533 =005 20130612122206 =008 ***********************************Eng** =035 ##$$0010-061300000023533 =041 ##$$a Eng =082 ##$$a 920 =090 ##$$a 920, Jil l =100 ##$$a Tillman, Dianne =245 ##$$a Living Values, An educational program educator trainning guide, Dianne Tillman =260 ##$$a 2004 $b Jakarta =300 ##$$a xvii, 227 hlm, 23 cm =650 ##$$a Pendidik =850 ##$$a NBPNMAT